Credit in takeo province under supported by lws, (ការធ្វើឥទាននៅក្នុងខេត្តតាកែវក្រោមការឧបត្ថផភរបស់អង្គការLWS) (Record no. 299)
[ view plain ]
| 000 -LEADER | |
|---|---|
| fixed length control field | 00600nam a22001577a 4500 |
| 003 - CONTROL NUMBER IDENTIFIER | |
| control field | OSt |
| 005 - DATE AND TIME OF LATEST TRANSACTION | |
| control field | 20150912132903.0 |
| 008 - FIXED-LENGTH DATA ELEMENTS--GENERAL INFORMATION | |
| fixed length control field | 150912b xxu||||| |||| 00| 0 eng d |
| 040 ## - CATALOGING SOURCE | |
| Transcribing agency | RUA |
| 082 ## - DEWEY DECIMAL CLASSIFICATION NUMBER | |
| Classification number | AGR អ៊ុំ 1996 BOO17 Or.1 |
| 100 ## - MAIN ENTRY--PERSONAL NAME | |
| 9 (RLIN) | 319 |
| Personal name | អ៊ុំ កុសល |
| 245 ## - TITLE STATEMENT | |
| Title | Credit in takeo province under supported by lws, (ការធ្វើឥទាននៅក្នុងខេត្តតាកែវក្រោមការឧបត្ថផភរបស់អង្គការLWS) |
| 260 ## - PUBLICATION, DISTRIBUTION, ETC. (IMPRINT) | |
| Place of publication, distribution, etc. | Phnom phen . |
| Name of publisher, distributor, etc. | RUA. |
| Date of publication, distribution, etc. | 1996. |
| 300 ## - PHYSICAL DESCRIPTION | |
| Extent | 55P. |
| Other physical details | ILL. |
| Dimensions | 29CM. |
| 942 ## - ADDED ENTRY ELEMENTS (KOHA) | |
| Source of classification or shelving scheme | |
| Koha item type | AGR |
| Price effective from | Date last seen | Permanent Location | Not for loan | Date acquired | Source of classification or shelving scheme | Koha item type | Barcode | Lost status | Damaged status | Shelving location | Withdrawn status | Current Location | Full call number |
|---|---|---|---|---|---|---|---|---|---|---|---|---|---|
| 2015-09-12 | 2015-09-12 | Library Block B | 2015-09-12 | AGR | rua003773 | B017 | Library Block B | AGR អ៊ុំ 1996 BOO17 Or.1 | |||||
| 2015-09-12 | 2015-09-12 | Library Block B | 2015-09-12 | AGR | rua003990 | B017 | Library Block B | AGR អ៊ុំ 1996 BOO17 Or.2 | |||||
| 2015-09-12 | 2015-09-12 | Library Block B | 2015-09-12 | AGR | rua006580 | B017 | Library Block B | AGR អ៊ុំ 1996 BOO17 Or.3 | |||||
| 2015-09-12 | 2015-09-12 | Library Block B | 2015-09-12 | AGR | rua003846 | B017 | Library Block B | AGR អ៊ុំ 1996 BOO17 Or.4 | |||||
| 2015-09-12 | 2015-09-12 | Library Block B | 2015-09-12 | AGR | rua006578 | B017 | Library Block B | AGR អ៊ុំ 1996 BOO17 Or.5 | |||||
| 2015-09-12 | 2015-09-12 | Library Block B | 2015-09-12 | AGR | rua008013 | B017 | Library Block B | AGR អ៊ុំ 1996 BOO17 Or.6 | |||||
| 2015-09-12 | 2015-09-12 | Library Block B | 2015-09-12 | AGR | rua007052 | B017 | Library Block B | AGR អ៊ុំ 1996 BOO17 Or.7 |